000 00431nam a22001457a 4500
008 230612b |||||||| |||| 00| 0 eng d
020 _a9780981960807
050 _aPE1128
_b.C37 2009
100 _aCarroll, Kevin
245 _aMake your point :
_bSpeak and concisely anyplace, anytime/
_cKevin Carroll and Bob Elliott
260 _bSecond avenue press
_c2009
300 _axii, 110p.
700 _aElliott, Bob
942 _2lcc
_cBK
999 _c20181
_d20180